000 00588cam a22001934a 4500
020 _a0072299169 (acidfree paper)
040 _cDLC
082 0 0 _a507 MCG 2000 A035 Or.
100 1 _aLorbeer, George C.
245 1 0 _aScience activities for middle school students /
250 _a2nd ed.
260 _aBoston :
_bMcGraw-Hill,
_cc2000.
300 _axiv, 428 p. :
_bill. ;
_c28 cm.
500 _aIncludes index.
650 0 _aScience
856 4 2 _uhttp://www.loc.gov/catdir/description/mh023/99035891.html
856 4 1 _uhttp://www.loc.gov/catdir/toc/mh023/99035891.html
942 _cEK
999 _c12705
_d12705